| 000 | 00803cam a2200229 4500 | ||
|---|---|---|---|
| 001 | sa 68017497 | ||
| 003 | DLC | ||
| 005 | 20260227112703.0 | ||
| 008 | 710520s1965 ii abc 00000 eng | ||
| 010 | _asa 68017497 //r85 | ||
| 025 | _aPL480:I-E-9985 | ||
| 043 | _aa-ii--- | ||
| 050 | 0 |
_aTK1504.M9 _bA4 |
|
| 082 | _a621.312/134/095487 | ||
| 110 | 1 | 0 | _aMysore (India : State) |
| 245 | 1 | 0 |
_aSharavathy Valley hydro-electric project; _bcommissioning of the Sharavathy Power Station _cby Shri Lal Bahadur Shastri, Prime Minister of India, on 24th January, 1965. |
| 260 | 0 |
_a[Bangalore, _bGovt. Press, _c1965?] |
|
| 300 |
_a95 p. _billus., maps (part col.), ports. _c17 x 25 cm. |
||
| 350 | _a5.00 | ||
| 650 | 0 |
_aHydroelectric power plants _zIndia _zMysore. |
|
| 700 | 1 | 0 |
_aShastri, Lal Bahadur, _d1904-1966. |
| 999 |
_c87754 _d87754 |
||